[Event "Moscow Aeroflot op-C"]
[Site "Moscow"]
[Date "2006.02.15"]
[Round "9"]
[White "Cholanyuk, Vasiliy"]
[Black "Krainov, Alexey"]
[Result "1-0"]
[WhiteElo "2244"]
[BlackElo "2215"]
[PlyCount "104"]
[EventDate "2006.02.07"]
[EventType "swiss"]
[EventRounds "9"]
[EventCountry "RUS"]
[SourceTitle "EXT 2007"]
[Source "ChessBase"]
[SourceDate "2006.11.23"]
[SourceVersion "1"]
[SourceVersionDate "2006.11.23"]
[SourceQuality "1"]

1. d4 d5 2. c4 e6 3. Nc3 Nf6 4. Bg5 Be7 5. e3 h6 6. Bh4 0-0 7. cxd5 exd5 8. Bd3 c6 9. Nge2 Nbd7 10. 0-0 Re8 11. f3 Nf8 12. Qc2 Ne6 13. Rad1 b5 14. e4 b4 15. Na4 dxe4 16. Bxe4 Nxe4 17. Bxe7 Qxe7 18. fxe4 Ba6 19. Rf2 Rad8 20. d5 cxd5 21. exd5 Ng5 22. Ng3 Rc8 23. Qd2 Bb5 24. d6 Qd7 25. b3 Ne4 26. Nxe4 Rxe4 27. Qd5 Bc6 28. Qd3 Bb7 29. Nb2 Rce8 30. Rdf1 Qg4 31. h3 Qg5 32. Nc4 Re1 33. Rxe1 Rxe1+ 34. Kh2 Qc1 35. Qd2 Qb1 36. Qc2 Qxc2 37. Rxc2 Rd1 38. Na5 Be4 39. Rc8+ Kh7 40. Nc4 a5 41. g4 f5 42. Kg3 Rd4 43. Rc5 Bd5 44. gxf5 Bxc4 45. bxc4 Rxd6 46. Rxa5 Rd3+ 47. Kg2 Rc3 48. c5 h5 49. Rb5 Kh6 50. h4 Rc4 51. Rb6+ Kh7 52. c6 Rxh4 1-0

[Event "Moscow Aeroflot op-C"]
[Site "Moscow"]
[Date "2006.02.14"]
[Round "8"]
[White "Dolgova, Olga"]
[Black "Cholanyuk, Vasiliy"]
[Result "1/2-1/2"]
[WhiteElo "2219"]
[BlackElo "2244"]
[PlyCount "145"]
[EventDate "2006.02.07"]
[EventType "swiss"]
[EventRounds "9"]
[EventCountry "RUS"]
[SourceTitle "EXT 2007"]
[Source "ChessBase"]
[SourceDate "2006.11.23"]
[SourceVersion "1"]
[SourceVersionDate "2006.11.23"]
[SourceQuality "1"]

1. d4 Nf6 2. c4 g6 3. g3 Bg7 4. Bg2 0-0 5. Nc3 d6 6. Nf3 Bg4 7. 0-0 Nc6 8. d5 Bxf3 9. exf3 Nb8 10. Qe2 Re8 11. f4 e6 12. dxe6 Rxe6 13. Be3 Nc6 14. Rad1 Nd7 15. Qd2 Re8 16. Nd5 Nc5 17. b4 Ne6 18. Rfe1 Qd7 19. f5 gxf5 20. Bh6 Bh8 21. Nf4 Ne5 22. c5 Nd4 23. Re3 Nc4 24. Rxe8+ Rxe8 25. Qc1 Nb2 26. Re1 Re5 27. Nd5 f4 28. Nxf4 Qf5 29. Qb1 Qf6 30. Rxe5 Qxe5 31. Qe4 Qxe4 32. Bxe4 dxc5 33. bxc5 c6 34. Kf1 Na4 35. Nd3 Nc3 36. Bg2 Nxa2 37. Ke1 Nc3 38. Kd2 Ne6 39. Be3 Nd5 40. Bh6 Bc3+ 41. Kc2 Nd4+ 42. Kb1 Nf5 43. Bc1 f6 44. Bb2 Kf7 45. Bxd5+ cxd5 46. Bxc3 d4 47. Bd2 Ke6 48. Kb2 Kd5 49. Kb3 Ke4 50. Ne1 Kd5 51. Kb4 Ne7 52. Bf4 Nc6+ 53. Kb3 Kxc5 54. Nd3+ Kb5 55. Bd6 Na5+ 56. Kc2 Kc4 57. Be7 f5 58. Nb2+ Kd5 59. Kd3 Nc6 60. Bf6 Nb4+ 61. Kd2 Ke4 62. Nc4 b6 63. Bg7 Kd5 64. Na3 Nc6 65. f3 h5 66. h3 a6 67. g4 fxg4 68. fxg4 hxg4 69. hxg4 Ke4 70. g5 Ne5 71. Bf6 Nf3+ 72. Kd1 Kf5 73. Nc4 1/2-1/2

[Event "Moscow Aeroflot op-C"]
[Site "Moscow"]
[Date "2006.02.13"]
[Round "7"]
[White "Cholanyuk, Vasiliy"]
[Black "Nguyen, Viet Tuong"]
[Result "0-1"]
[WhiteElo "2244"]
[BlackElo "2254"]
[PlyCount "51"]
[EventDate "2006.02.07"]
[EventType "swiss"]
[EventRounds "9"]
[EventCountry "RUS"]
[SourceTitle "EXT 2007"]
[Source "ChessBase"]
[SourceDate "2006.11.23"]
[SourceVersion "1"]
[SourceVersionDate "2006.11.23"]
[SourceQuality "1"]

1. Nf3 c5 2. c4 Nc6 3. g3 g6 4. Bg2 Bg7 5. 0-0 d6 6. Nc3 e5 7. Nd5 Nge7 8. d3 0-0 9. Rb1 Rb8 10. a3 a5 11. Bd2 Be6 12. e4 b5 13. b3 h6 14. Qe2 Bg4 15. Be3 f5 16. Qd2 fxe4 17. Ne1 exd3 18. Nxe7+ Nxe7 19. Nxd3 Kh7 20. f4 exf4 21. Nxf4 Bf5 22. Rbd1 bxc4 23. bxc4 Be5 24. Nd5 Rb2 25. Qe1 Rc2 26. Rxf5 0-1

[Event "Moscow Aeroflot op-C"]
[Site "Moscow"]
[Date "2006.02.08"]
[Round "2"]
[White "Marzolo, Cyril"]
[Black "Cholanyuk, Vasiliy"]
[Result "1-0"]
[WhiteElo "2414"]
[BlackElo "2244"]
[PlyCount "63"]
[EventDate "2006.02.07"]
[EventType "swiss"]
[EventRounds "9"]
[EventCountry "RUS"]
[SourceTitle "EXT 2007"]
[Source "ChessBase"]
[SourceDate "2006.11.23"]
[SourceVersion "1"]
[SourceVersionDate "2006.11.23"]
[SourceQuality "1"]

1. d4 Nf6 2. c4 e6 3. Nc3 Bb4 4. Nf3 b6 5. Bg5 Bb7 6. e3 Bxc3+ 7. bxc3 h6 8. Bh4 d6 9. Nd2 Nbd7 10. f3 Qe7 11. Bd3 e5 12. e4 0-0 13. 0-0 Rfe8 14. Bf2 c5 15. d5 Nh5 16. g3 Qg5 17. Kh1 g6 18. Rg1 Kg7 19. Qe2 Qf6 20. Raf1 Nf8 21. Be3 Bc8 22. f4 Bh3 23. Rf2 exf4 24. gxf4 Kh8 25. f5 Qh4 26. Bxh6 Bxf5 27. Bg5 Qh3 28. Rf3 Qg4 29. Qf2 Bd7 30. Rxg4 Bxg4 31. Rxf7 Nh7 32. Be7 1-0